Contemporánea : la historia desde 1776 /
Historia universal centrada en la descripción y análisis de los acontecimientos y cambios más importantes ocurridos durante los siglos XIX y XX y los procesos en curso en el mundo globalizado del siglo XXI, cuyo punto de arranque es la promulgación de las primeras constituciones a fines del siglo XV...
Zapisane w:
| 1. autor: | |
|---|---|
| Kolejni autorzy: | |
| Format: | Książka |
| Język: | hiszpański |
| Wydane: |
Madrid, España :
Alianza,
2005, c2005
|
| Hasła przedmiotowe: | |
| Etykiety: |
Nie ma etykietki, Dołącz pierwszą etykiete!
|
MARC
| LEADER | 00000nam^a2200000^a^4500 | ||
|---|---|---|---|
| 001 | 000189848 | ||
| 005 | 20250521000000.0 | ||
| 009 | 20260310102429.209 | ||
| 020 | |a 84-206-4765-9 | ||
| 037 | |a Acervo ITESO - Biblioteca | ||
| 041 | |a ESP | ||
| 082 | |a 909. 8 |b ART | ||
| 100 | |a Artola, Miguel |e (autor) | ||
| 245 | 1 | 0 | |a Contemporánea : |b la historia desde 1776 / |c M. Artola, M. Pérez Ledesma. |
| 264 | 4 | |a Madrid, España : |b Alianza, |c 2005, c2005 | |
| 300 | |a 562 p., [12] láminas | ||
| 336 | |a texto |b txt |2 rdacontenido | ||
| 337 | |a sin mediación |b n |2 rdamedio | ||
| 338 | |a volumen |b nc |2 rdasoporte | ||
| 520 | |a Historia universal centrada en la descripción y análisis de los acontecimientos y cambios más importantes ocurridos durante los siglos XIX y XX y los procesos en curso en el mundo globalizado del siglo XXI, cuyo punto de arranque es la promulgación de las primeras constituciones a fines del siglo XVIII, en tanto demarcó el surgimiento de la ciudadanía y de la participación política y el constitucionalismo se tornaría el fenómeno más generelizado del mundo en los siglos posteriores. Es una versión revisada y modificada a profundidad de Historia del mundo contemporáneo (1988), publicada por los mismos autores antes de los procesos de caída y desaparición de los regímenes comunistas en Europa Oriental y con finalidad de servir a los estudiantes del Curso de Orientación Universitaria (COU) en España. La necesaria actualización de los sucesos posteriores a 1988, la revisión del período 1945-1991 y una orientación a los lectores en general se cuentan entre los principales cambios que presenta la obra. | ||
| 649 | |a XX | ||
| 650 | |a Historia Moderna - |y Siglo XIX | ||
| 650 | |a Historia Moderna - |y Siglo XX | ||
| 650 | |a Historia Moderna - |x Tema Principal | ||
| 700 | |a Pérez Ledesma, Manuel |e (autor) | ||
| 910 | |a Fondo General | ||
| 920 | |a Impresos - Libros | ||
| 930 | |a Colección General | ||
| 905 | |a 101 | ||
| 901 | |a 0500132923 |b IT1 |c ACC |u 20250521 | ||
| 902 | |a https://opac.biblio.iteso.mx/vufind/Record/000189848 | ||